Lieux Paper Mario 64 - Statistiques

Statistiques générales
  • Ce quiz a été pris 9 fois
  • Le résultat moyen est 16 sur 29
Statistiques - réponses
Hint Lieux % Correct
Toadville
100%
Château de Bowser
86%
Château de Peach
86%
Désert Sec Sec
86%
Village Goomba
86%
Chapitre 1 Village Koopa
86%
Campement Sec Sec
71%
Épilogue Havre Étoile
71%
Prologue Maison de Mario
71%
Manoir Boo
71%
Ruines Sec Sec
71%
Village Yoshi
71%
Chapitre 4 Coffre aux Maskass
57%
Colline aux Étoiles Filantes
57%
Chapitre 3 Forêt Éternelle
57%
Jungle de Jade
57%
Chapitre 2 Mont Accidenté
57%
Chapitre 6 Champ de fleurs
43%
Château de Tubba Blubba
43%
Forteresse des Frères Koopa
43%
Chapitre 5 Ile Lavelave
43%
Palais de cristal
43%
Égouts de Toadville
29%
Chapitre 7 Frissonville
29%
Mont Lavelave
29%
Moulin Rafale
29%
Ravin Ventu
29%
Montagne Glacée
14%
Vallée Étoilée
14%
Aucun quiz correspondant
Distribution des résultats
% des personnes avec chaque résultat
Percentile par nombre de réponses
Votre historique - résultats
Vous n’avez pas pris ce quiz